000 01284namaa2200349 i 4500
003 EG-GICUC
005 20260617130100.0
008 260617s2003 ua ||||jr|||| 001 0 ara d
017 _a2003 / 5491
_bدار الكتب والوثائق القومية (مصر)
020 _a9773530183
040 _aEG-GiCUC
_bara
_cEG-GiCUC
_dEG-GiCUC
_erda
082 0 4 _221
_a224
_bN265
092 0 4 _221
_a224
_bN265
099 _a224 N265
100 1 _aنصار، حسين
_eمؤلف.
245 1 2 _aالمتشابه /
_cالدكتور حسين نصار
250 _aالطبعة الاولى
264 _aالقاهرة (مصر) :
_bمكتبة الخانجى،
_c2003
300 _a168 صفحة ؛
_c24 سم
_bإيضاحيات، صور، مثيليات ؛ Illustrations
336 _2rdacontent
_atext
337 _2rdamedia
_aUnmediated
338 _2rdacarrier
_avolume
490 0 _aاعجاز القرآن
504 _aيشتمل على ارجاعات ببليوجرافية (ص ١٦٢-١٦٧) والفهرس.
541 _aد. / جابر عصفور ؛
_bالقاهرة ؛
_cإهداء ؛
_d2024.
630 2 _2qrmak
_aالقرآن
_xالفاظ
630 2 _2qrmak
_aالقرآن
_xتفسير
650 1 _2qrmak
651 1 _2qrmak
905 _aAmira
942 _2ddc
_cBK
_e21
_n0
999 _c180561
_d180561